000 00445nam a2200181Ia 4500
001 4354
005 20260306145749.0
008 260306t2005||||xx |||||||||||||| ||spa||
041 _aESP
082 _a320.985
_bD19
100 _aDall'Orto Falconí, Augusto
_eAUT
245 0 _aLa reforma del estado en el Perú texto impreso
260 _c2005
300 _a125 páginas :
_c
650 _aGEN
654 _aCDE
942 _cLIB
_dJUS
_fJUS
_2ddc
_n
999 _c4354
_d4354